EXERGETIC ANALYSIS AND PARAMETRIC OPTIMIZATION OF SOLAR CHIMNEY POWER PLANT OF VARIABLE FLOW AREA / (Record no. 535738)

000 -LEADER
fixed length control field 00549nam a22001577a 4500
020 ## - INTERNATIONAL STANDARD BOOK NUMBER
Qualifying information Hard Cover.
082 ## - DEWEY DECIMAL CLASSIFICATION NUMBER
Classification number 621.4022
100 ## - MAIN ENTRY--PERSONAL NAME
Personal name Jilani, Aisha
245 ## - TITLE STATEMENT
Title EXERGETIC ANALYSIS AND PARAMETRIC OPTIMIZATION OF SOLAR CHIMNEY POWER PLANT OF VARIABLE FLOW AREA /
Statement of responsibility, etc. Aisha Jilani
260 ## - PUBLICATION, DISTRIBUTION, ETC.
Place of publication, distribution, etc. Islamabad :
Name of publisher, distributor, etc. PNEC - NUST,
Date of publication, distribution, etc. 2014.
300 ## - PHYSICAL DESCRIPTION
Extent 79 p. : ill. ;
Dimensions 30cm.
942 ## - ADDED ENTRY ELEMENTS (KOHA)
Source of classification or shelving scheme
Koha item type Thesis
650 ## - SUBJECT ADDED ENTRY--TOPICAL TERM
Topical term or geographic name entry element Mechanical / Thermal Fluid MS-Thesis.
700 ## - ADDED ENTRY--PERSONAL NAME
Personal name Dr. Shafiq ur Rehman.
650 ## - SUBJECT ADDED ENTRY--TOPICAL TERM
-- 30529
700 ## - ADDED ENTRY--PERSONAL NAME
-- 29496
Holdings
Withdrawn status Lost status Source of classification or shelving scheme Damaged status Not for loan Permanent Location Current Location Shelving location Date acquired Full call number Barcode Date last seen Price effective from Non-public note Koha item type
          Central Library (CL) Central Library (CL) Thesis 09/22/2020 621.4022 CL-T-6089 09/22/2020 09/22/2020 Minute Sheet No. 0929/02/CL/Survey/5 dated 23rd April 2024 E-MIN ID 114741 Thesis
© 2023 Central Library, National University of Sciences and Technology. All Rights Reserved.